00321nam a2200121Ia 4500008004100000041000800041082001600049100001700065245004500082260003000127300003100157365001100188240624s9999 xx 000 0 und d aeng a346.066 PIL aPILLAI R S N aLEGAL ASPECTS OF BUSINESS MERCANTILE LAW c2011aNew DelhibS. Chand axx, : 1057 : p. : cm. ; 24 cRSb20